[Event "Cto de Aragon  Equipos Cat Preferente"]
[Site "Aragon"]
[Date "2010.02.27"]
[Round "6.20"]
[White "Pueyo Marina Gerardo"]
[Black "Sanchez Moreno Jose Carlos"]
[Result "1-0"]
[WhiteElo "1867"]
[BlackElo "2001"]

1.d4 c5 2.c4 Nf6 3.Nf3 g6 4.g3 Bg7 5.Bg2 O-O 6.Nc3 Nc6 7.O-O cxd4 8.Nxd4 Qb6
9.Nxc6 bxc6 10.Na4 Qd8 11.Be3 d5 12.cxd5 cxd5 13.Rc1 e6 14.Bd4 Re8 15.Be5 Bh6
16.Qd4 Nd7 17.Bc7 Qe7 18.Rc2 Ba6 19.Ba5 Bg7 20.Qd2 Rac8 21.Rfc1 Ne5 22.b3 Ng4
23.h3 Bh6 24.f4 Nf6 25.Rc7 Rxc7 26.Rxc7 Qd6 27.Qc3 Ne4 28.Bxe4 dxe4 29.Kf2
Bxf4 30.gxf4 Qxf4+ 31.Ke1 e3 32.Nc5 Rd8 33.Nd7 Qf2+ 34.Kd1 Qxe2+ 35.Kc1 Qd2+
36.Qxd2 exd2+ 37.Bxd2 Rc8 38.Bf4 Rxc7+ 39.Bxc7 f5 40.h4 Kf7 41.Bd6 Bc8 42.Nc5
Kf6 43.Nd3 Ba6 44.Be5+ Kf7 45.Kd2 Ke7 46.Nc5 Bc8 47.Ke3 Bd7 48.a4 h6 49.Kf4
Bc8 50.a5 Bd7 51.a6 Bc6 52.Bb8 Kf6 53.Be5+ Ke7 54.Bd4 Bb5 55.Ke5 g5 56.hxg5
1-0

[Event "Cto de Aragon  Equipos Cat Preferente"]
[Site "Aragon"]
[Date "2010.02.27"]
[Round "6.21"]
[White "Cebrian Valverde Jose Antonio"]
[Black "Carruez Berges Santiago"]
[Result "1-0"]
[WhiteElo "2189"]
[BlackElo "2120"]

1.d4 {0} 1...Nf6 2.c4 g6 3.Nc3 Bg7 4.e4 O-O 5.Nf3 d6 6.Be2 e5 7.O-O a5 8.Re1
Na6 9.Bf1 exd4 10.Nxd4 Re8 11.Ndb5 Be6 12.Be3 Ng4 13.Bd4 Qh4 14.h3 Be5 15.Bxe5
Qxf2+ 16.Kh1 Nxe5 17.b3 Qh4 18.Qe2 Rad8 19.Rad1 Bg4 20.g3 Qh5 21.Qf2 Bxd1 22.
Rxd1 Re6 23.Kg2 Kg7 24.Be2 Qg5 25.Qa7 c6 26.Nd4 Rf6 27.h4 Qh6 28.Qxb7 Qe3 29.
Qb6 Rf2+ 30.Kh3 Nc5 31.Qxd8 Qxc3 32.Qxd6 Ncd7 33.Qe7 Rf6 34.Bg4 Nxg4 35.Kxg4
Nf8 36.Qe5 Nd7 37.Ne6+ 1-0

[Event "Cto de Aragon  Equipos Cat Preferente"]
[Site "Aragon"]
[Date "2010.02.27"]
[Round "6.22"]
[White "Temprano L"]
[Black "Gimeno Oteo Marco Antonio"]
[Result "0-1"]
[WhiteElo "2087"]
[BlackElo "2142"]

1.d4 Nf6 2.Nf3 g6 3.Nc3 c5 4.e4 cxd4 5.Nxd4 d6 6.Be3 Bg7 7.Bc4 O-O 8.f3 Nc6 9.
Qd2 Bd7 10.O-O-O Rc8 11.Bb3 Ne5 12.h4 h5 13.Bh6 Nc4 14.Bxc4 Rxc4 15.Bxg7 Kxg7
16.Nde2 Qa5 17.f4 Rfc8 18.Kb1 Bg4 19.Qe3 R8c5 20.Rc1 Bxe2 21.Qxe2 Rxc3 22.bxc3
Rb5+ 0-1

[Event "Cto de Aragon  Equipos Cat Preferente"]
[Site "Aragon"]
[Date "2010.02.27"]
[Round "6.23"]
[White "Gutierrez Minguenza Ruben"]
[Black "Fernandez Urrutia Gallo Carlos"]
[Result "1/2-1/2"]
[WhiteElo "2063"]
[BlackElo "1989"]

1.d4 d5 2.c4 e6 3.Nc3 a6 4.cxd5 exd5 5.Nf3 Be7 6.Bf4 Nf6 7.Qc2 O-O 8.e3 c6 9.
Bd3 g6 10.h3 Re8 11.O-O Nh5 12.Bh2 Bd6 13.Bxd6 Qxd6 14.Rab1 Nd7 15.b4 Ng7 16.
a4 Nb6 17.Nd2 Qe7 18.b5 axb5 19.axb5 c5 20.dxc5 Qxc5 21.Nb3 Qd6 22.Rfd1 Qe7
23.Nd4 Ne6 24.Nce2 Bd7 25.Rdc1 Rec8 26.Qd1 Nc5 27.Nf4 Nca4 28.Rxc8+ Rxc8 29.
Rc1 Rxc1 30.Qxc1 Qc5 31.Qxc5 Nxc5 32.Be2 Kf8 33.Bf3 Ne4 34.Nxd5 Nxd5 35.Bxe4
Nc3 36.Bxb7 Nxb5 37.Nxb5 Bxb5 38.Bd5 Ke7 39.f4 f5 40.g4 Bd3 41.Kf2 h6 42.Ke1
Kf6 43.Bg2 Bb5 44.Kd2 Bd7 45.gxf5 gxf5 46.Bf3 Bb5 47.Kc3 Be8 48.Kd4 Bb5 49.Kc5
Bd3 50.Kd6 Bb5 51.Kc7 Ke7 52.Bc6 Bd3 53.Bd7 Be2 54.Bc8 Bd3 55.Kc6 Be4+ 56.Kc5
Bc2 57.Kd5 Kf6 58.Kd6 Be4 59.Bd7 Bc2 60.Be6 Bd3 61.Kd7 Bb5+ 62.Kd6 Bd3 63.Bb3
1/2-1/2

[Event "Cto de Aragon  Equipos Cat Preferente"]
[Site "Aragon"]
[Date "2010.02.27"]
[Round "6.24"]
[White "Tirapo Larcuen Ana"]
[Black "Palomar Ramon Santiago"]
[Result "1/2-1/2"]
[WhiteElo "1887"]
[BlackElo "2042"]

1.g3 d5 2.Bg2 Nf6 3.d3 e5 4.Nd2 Be7 5.e4 c6 6.Ngf3 Nbd7 7.O-O dxe4 8.dxe4 O-O
9.Qe2 Qc7 10.a4 Rd8 11.b3 Ne8 12.Nc4 f6 13.Nh4 Nf8 14.Nf5 Bxf5 15.exf5 Rd7 16.
Kh1 Rad8 17.f4 exf4 18.Bxf4 Qc8 19.g4 Bd6 20.Nxd6 Nxd6 21.Rae1 Re8 22.Qf2 Nf7
23.Qg3 Rde7 24.Rxe7 Rxe7 25.Re1 Qe8 26.Rxe7 Qxe7 27.Qe3 Qxe3 28.Bxe3 a6 29.a5
Nd7 30.Kg1 Kf8 31.Kf2 Nfe5 32.h3 h6 33.Ke2 Ke7 34.Kd2 Kd6 35.c4 Nc5 36.Kc3
Ncd7 37.b4 Kc7 38.Bf4 Kc8 39.Kd4 Kc7 40.h4 Kc8 41.g5 hxg5 42.hxg5 Kc7 43.gxf6
gxf6 44.Bf1 Kc8 45.Be2 Kc7 46.Bh6 Kd6 47.Bg7 1/2-1/2

[Event "Cto de Aragon  Equipos Cat Preferente"]
[Site "Aragon"]
[Date "2010.02.27"]
[Round "6.25"]
[White "Hernandez Delgado Gabriel"]
[Black "Ruiz Diez Julio Cesar"]
[Result "0-1"]
[WhiteElo "2004"]
[BlackElo "2296"]

1.Nf3 d5 2.g3 Nf6 3.Bg2 e6 4.O-O Be7 5.d3 O-O 6.Nbd2 c5 7.e4 Nc6 8.Re1 b5 9.e5
Nd7 10.Nf1 Bb7 11.h4 Qb6 12.h5 Rae8 13.h6 g6 14.Bh3 d4 15.N1h2 Nb4 16.Bg5 Qc6
17.Bxe7 Rxe7 18.a3 Nd5 19.Qd2 f6 20.Bg2 Nc7 21.Nh4 Qb6 22.Bxb7 Qxb7 23.f4 fxe5
24.fxe5 Ref7 25.Ng4 Nd5 26.Re4 Ne7 27.Rf4 Nf5 28.Qg2 Qxg2+ 29.Nxg2 Nxg3 30.
Rxf7 Rxf7 31.Re1 Rf5 32.Kh2 Nf1+ 33.Kg1 Nd2 34.Nh2 Nxe5 35.Nh4 Rh5 36.Kg2 Rxh4
37.Rxe5 Rxh2+ 0-1

[Event "Cto de Aragon  Equipos Cat Preferente"]
[Site "Aragon"]
[Date "2010.02.27"]
[Round "6.26"]
[White "Garcia Ramon Ricardo"]
[Black "De la Riva Fernandez Eduardo"]
[Result "1/2-1/2"]
[WhiteElo "2084"]
[BlackElo "1997"]

1.d4 Nf6 2.Nf3 e6 3.e3 b6 4.Bd3 Bb7 5.Nbd2 d5 6.O-O Nbd7 7.b3 Be7 8.Bb2 O-O 9.
Rc1 Ne4 10.Ne1 Nxd2 11.Qxd2 c5 12.c4 cxd4 13.exd4 dxc4 14.bxc4 Nf6 15.Qe2 Rc8
16.Nf3 Rc7 17.Rfd1 Qa8 18.Ne1 Be4 19.f3 Bxd3 20.Nxd3 Qc8 21.Nf2 Qa6 22.Rd2
Rfc8 23.Rdc2 Qa4 24.Ne4 b5 25.c5 b4 26.Nxf6+ Bxf6 27.Qc4 a5 28.a3 Rb8 29.Ra1
Qd7 30.Rd1 b3 31.Rc3 Qb5 32.Rdd3 a4 33.Qxb5 Rxb5 34.Rc4 Ra5 35.Bc3 Ra8 36.f4
Kf8 37.Kf2 Ke7 38.g4 g5 39.f5 Ra6 40.Ke3 Rb7 41.Bb2 Rb8 42.Rd2 Bh8 43.Ke4 Rd8
44.Rd3 exf5+ 45.gxf5 Rh6 46.Rd2 Rh4+ 47.Ke3 Rh3+ 48.Ke4 Rh4+ 49.Ke3 Rh3+ 50.
Ke4 1/2-1/2

[Event "Cto de Aragon  Equipos Cat Preferente"]
[Site "Aragon"]
[Date "2010.02.27"]
[Round "6.27"]
[White "Correas Marcen Jose Maria"]
[Black "Del Campo Asin Agustin"]
[Result "1-0"]
[WhiteElo "1989"]
[BlackElo "2035"]

1.Nf3 g6 2.g3 Bg7 3.Bg2 f5 4.O-O e5 5.d3 d5 6.Bg5 Qd6 7.Nc3 c6 8.e4 d4 9.Ne2
fxe4 10.dxe4 Nf6 11.Nexd4 O-O 12.Re1 Bg4 13.h3 Bxf3 14.Nxf3 Qc5 15.c3 Na6 16.
Qb3+ Kh8 17.Qxb7 Nh5 18.Qxa6 Rf7 19.Be3 Qf8 20.Qxc6 Rf6 21.Qc4 Rxf3 22.Bxf3
Qxf3 23.Qe2 Qxe4 24.Bh6 Qb7 25.Bxg7+ Nxg7 26.Qxe5 Rf8 27.Rad1 Qxb2 28.Re2 Qb7
29.c4 h5 30.Rb2 Qc8 31.Rdb1 Qxc4 32.Rb8 Rxb8 33.Rxb8+ Kh7 34.Rb7 Qc1+ 35.Kh2
Qh6 36.Rxa7 g5 37.Qxg7+ Qxg7 38.Rxg7+ Kxg7 39.f4 Kf6 40.a4 1-0

[Event "Cto de Aragon  Equipos Cat Preferente"]
[Site "Aragon"]
[Date "2010.02.27"]
[Round "6.28"]
[White "Garcia Monterde Francisco Jose"]
[Black "Labrador Postigo Francisco Manuel"]
[Result "1/2-1/2"]
[WhiteElo "1946"]
[BlackElo "1906"]

1.c4 Nf6 2.g3 d5 3.cxd5 Nxd5 4.Bg2 e5 5.Nc3 Nb6 6.d3 Be7 7.Nf3 Nc6 8.O-O O-O
9.Be3 Kh8 10.Rc1 Be6 11.a3 a5 12.Na4 Nxa4 13.Qxa4 Bd5 14.Bc5 f6 15.Rc2 Bxc5
16.Rxc5 Ra6 17.Rfc1 Rb6 18.Rb5 Qd6 19.Rcc5 Rxb5 20.Qxb5 Na7 21.Qxa5 b6 22.Rxd5
bxa5 23.Rxd6 cxd6 24.Nd2 Rb8 25.Nc4 a4 26.Kf1 Rb5 27.e4 Nc6 28.Bh3 Nd4 29.Bd7
Rb3 30.Bxa4 Rxd3 31.h4 Ne6 32.Bc6 Rd1+ 33.Ke2 Rc1 34.Bd5 Nd4+ 35.Ke3 Re1+ 36.
Kd2 Re2+ 37.Kc3 g5 38.hxg5 fxg5 39.Nxd6 Rc2+ 40.Kd3 Rxb2 41.Nf7+ Kg7 42.Nxe5
Rxf2 43.Kxd4 h5 44.Ke3 Rf1 45.a4 Kf6 46.Nf3 g4 47.Nh4 Ra1 48.Bc6 Rc1 49.Be8
Re1+ 50.Kf4 Rf1+ 51.Ke3 Re1+ 52.Kd4 Rg1 53.Nf5 h4 54.gxh4 g3 55.Nxg3 Rxg3 56.
Kc5 Ke7 57.Bc6 Rc3+ 58.Kb6 Kd6 59.Bd5 Rh3 60.a5 Rh2 61.a6 Rb2+ 62.Ka7 Kc7 63.
Bf7 Re2 64.Bg6 Rg2 65.h5 Rg5 66.Bf7 Re5 67.Bg6 Rg5 1/2-1/2

[Event "Cto de Aragon  Equipos Cat Preferente"]
[Site "Aragon"]
[Date "2010.02.27"]
[Round "6.29"]
[White "Hinojar Basa Alfonso"]
[Black "Gil Capape MA"]
[Result "0-1"]
[WhiteElo "2223"]
[BlackElo "2155"]

1.e4 e6 2.d4 d5 3.Nc3 dxe4 4.Nxe4 Qd5 5.Ng3 c5 6.Nf3 cxd4 7.Qxd4 Qxd4 8.Nxd4
Bc5 9.Nb5 Na6 10.Ne4 Be7 11.Be3 Nf6 12.Ned6+ Kf8 13.Nxc8 Rxc8 14.c3 Nc5 15.
Nxa7 Ra8 16.Nb5 Nb3 17.Rb1 Nc5 18.Bc4 Ng4 19.O-O Ne4 20.Rbd1 Nxe3 21.fxe3 Bg5
22.Rd7 Bxe3+ 23.Kh1 Nf2+ 24.Rxf2 Bxf2 25.Nd6 Kg8 26.Rxf7 Rd8 27.Bxe6 Rxd6 28.
Rf6+ Rxe6 29.Rxe6 Kf7 30.Re5 Rd8 31.g3 Rd2 32.Rb5 b6 33.a4 Ke6 34.b4 Rd5 35.c4
Rxb5 36.cxb5 Kd5 37.a5 bxa5 38.bxa5 Kc5 39.Kg2 Bd4 40.Kf3 Kxb5 41.Ke4 Bf6 42.
g4 Kxa5 43.Kf5 h6 44.Kg6 Kb5 45.h4 Kc4 46.h5 Kd4 47.g5 hxg5 48.h6 gxh6 0-1

[Event "Cto de Aragon  Equipos Cat Preferente"]
[Site "Aragon"]
[Date "2010.02.27"]
[Round "6.30"]
[White "Vera Aranjuelo Jesus Maria"]
[Black "Sebastian Bespin Ruben"]
[Result "1-0"]
[WhiteElo "2111"]
[BlackElo "2106"]

1.d4 e6 2.Nf3 Nf6 3.Bf4 b6 4.e3 Bb7 5.Be2 Be7 6.h3 c5 7.c3 O-O 8.O-O d5 9.Nbd2
Nbd7 10.a4 Ne4 11.a5 Ndf6 12.Ne5 Nxd2 13.Qxd2 bxa5 14.Ra2 Ne4 15.Qc2 f6 16.Nf3
Bc6 17.Rfa1 a4 18.Qc1 c4 19.Nd2 Nxd2 20.Qxd2 a3 21.bxa3 Ba4 22.Rb2 Bd6 23.Bg4
f5 24.Bd1 Bxd1 25.Qxd1 Bxf4 26.exf4 Rb8 27.Re2 Qd6 28.Qa4 Rf7 29.g3 h6 30.Qc2
Rb3 31.Qc1 Rfb7 32.a4 a5 33.Qe1 Kf7 34.Re3 Qb8 35.Kg2 R7b6 36.Qe2 g6 37.Re1
Rb2 38.Qf3 Ra2 39.g4 Rbb2 40.Rf1 fxg4 41.hxg4 Qd8 42.Qh3 Kg7 43.Rxe6 1-0

[Event "Cto de Aragon  Equipos Cat Preferente"]
[Site "Aragon"]
[Date "2010.02.27"]
[Round "6.31"]
[White "Fabre Perez Jose Maria"]
[Black "Galvez Perez Jose Luis"]
[Result "1-0"]
[WhiteElo "2081"]
[BlackElo "2005"]

1.e4 d6 2.d4 Nf6 3.Nc3 g6 4.Nf3 Bg7 5.Bf4 O-O 6.Be2 c5 7.d5 b5 8.Nd2 b4 9.Ncb1
Nxd5 10.exd5 Bxb2 11.Nb3 Bxa1 12.Nxa1 Qa5 13.Nb3 Qxa2 14.O-O Bf5 15.Bd3 Bxd3
16.Qxd3 Nd7 17.N1d2 Qb2 18.Bh6 Rfe8 19.Ne4 Ne5 20.Qe2 Nd7 21.f4 a5 22.f5 a4
23.fxg6 hxg6 24.Rxf7 axb3 25.Bg7 Ra1+ 26.Kf2 Qxc2 27.Nd2 Qxd2 28.Qxd2 Ra2 29.
Bb2 Kxf7 30.Kg3 Nf6 31.Qe2 Rxb2 32.Qxb2 c4 33.h4 Nxd5 34.Qd4 b2 35.Qxd5+ e6
36.Qf3+ Kg8 37.Qe4 Kg7 38.Qd4+ Kf7 39.Qxb2 b3 40.Qf2+ Ke7 41.Qa7+ Kf6 42.Qd4+
Ke7 43.Qxc4 1-0

[Event "Cto de Aragon  Equipos Cat Preferente"]
[Site "Aragon"]
[Date "2010.02.27"]
[Round "6.32"]
[White "Carraminana Lopez Luis Antonio"]
[Black "Ruiperez Gumiel Ramon"]
[Result "1/2-1/2"]
[WhiteElo "1986"]
[BlackElo "1878"]

1.e4 g6 2.d4 Bg7 3.g3 d6 4.Bg2 e5 5.Ne2 Nc6 6.Be3 f6 7.Nbc3 Nh6 8.h3 Nf7 9.O-O
O-O 10.Qd2 Ng5 11.g4 exd4 12.Nxd4 Nxd4 13.Bxd4 Bd7 14.Rae1 Bc6 15.Nd5 Bxd5 16.
exd5 Qd7 17.f4 Nf7 18.Re6 Nd8 19.Re2 Nf7 20.Qc3 Nh6 21.Re6 f5 22.Rfe1 Bxd4+
23.Qxd4 Qg7 24.Qc4 fxg4 25.Re7 Rf7 26.Qxc7 Qd4+ 27.Kh1 gxh3 28.Bxh3 Qxd5+ 29.
Bg2 Qh5+ 30.Kg1 Rxe7 31.Rxe7 Qd1+ 32.Bf1 Qd4+ 33.Kh1 Nf5 34.Qc4+ Qxc4 35.Bxc4+
Kh8 36.Rxb7 Ne3 37.Bd3 Rf8 38.f5 gxf5 39.Rxa7 Ng4 40.Kg2 Ne5 41.a4 Nxd3 42.
cxd3 Rb8 43.a5 Rxb2+ 44.Kf3 h5 45.a6 Ra2 46.Kg3 Ra4 47.Rf7 h4+ 48.Kh3 Rxa6 49.
Rxf5 Kg7 50.Kxh4 Kg6 51.Rf3 Ra4+ 52.Kg3 Kg5 53.Kf2 Rf4 54.Ke3 1/2-1/2

[Event "Cto de Aragon  Equipos Cat Preferente"]
[Site "Aragon"]
[Date "2010.02.27"]
[Round "6.33"]
[White "Martinez Asensio Juan Miguel"]
[Black "Guzman Moneo Alberto"]
[Result "1/2-1/2"]
[WhiteElo "2140"]
[BlackElo "2215"]

1.d4 g6 2.e4 Bg7 3.Nc3 d6 4.Be3 a6 5.a4 Nc6 6.d5 Ne5 7.f4 Nd7 8.Bd4 Ngf6 9.e5
Nh5 10.Nf3 O-O 11.Qd2 Nb6 12.a5 dxe5 13.Bxe5 Nd7 14.Bd4 Ndf6 15.Bc4 Bh6 16.O-O
Bxf4 17.Be3 Qd6 18.Rae1 Re8 19.Bxf4 Nxf4 20.Ne5 N4h5 21.Qh6 Ng7 22.Ne4 Qxe5
23.Nxf6+ exf6 24.Rxe5 fxe5 25.d6 Be6 26.d7 Re7 27.Bxe6 Nxe6 28.Rd1 Rd8 29.Qe3
Rdxd7 30.Rxd7 Rxd7 31.Qxe5 Rd1+ 32.Kf2 Rd2+ 33.Ke3 Rxc2 34.g4 Rc5 35.Qe4 Rxa5
36.Qxb7 h5 37.h3 hxg4 38.hxg4 Rg5 39.Kf3 a5 40.Qa7 Rb5 41.Qa8+ Kh7 42.Qe8 Rb3+
43.Ke4 Kg7 44.Qc6 Rb4+ 45.Ke3 Rxg4 46.Qc3+ Kg8 47.Qxa5 Rg5 48.Qa6 c5 49.Kf3
Kg7 50.Qd6 Rf5+ 51.Kg3 Rg5+ 52.Kf3 Rf5+ 53.Kg3 1/2-1/2

[Event "Cto de Aragon  Equipos Cat Preferente"]
[Site "Aragon"]
[Date "2010.02.27"]
[Round "6.34"]
[White "Navarro Alonso Jorge Luis"]
[Black "Dominguez Bujeda Jesus"]
[Result "1/2-1/2"]
[WhiteElo "2204"]
[BlackElo "2111"]

1.e4 c5 2.Nc3 Nc6 3.f4 g6 4.Nf3 Bg7 5.Bc4 e6 6.f5 Nge7 7.fxe6 fxe6 8.d3 d5 9.
Bb3 b5 10.exd5 exd5 11.Nxb5 Qa5+ 12.Nc3 d4 13.O-O dxc3 14.bxc3 Bg4 15.h3 Bf5
16.Rb1 Bxc3 17.Qe2 Rd8 18.Kh1 Rf8 19.Bh6 Rf6 20.Bc4 Qc7 21.Bg7 Qg3 22.Bxf6
Bxf6 23.Be6 Bxe6 24.Qxe6 Qd6 25.Qg4 Nf5 26.Rfe1+ Kf8 27.Rb7 1/2-1/2

[Event "Cto de Aragon  Equipos Cat Preferente"]
[Site "Aragon"]
[Date "2010.02.27"]
[Round "6.35"]
[White "Arpa Pardo Emilio"]
[Black "Cerrajeria Ruiz Jesus Maria"]
[Result "0-1"]
[WhiteElo "2035"]
[BlackElo "2100"]

1.e4 g6 2.d4 Bg7 3.Nf3 d6 4.h3 c5 5.c3 Nf6 6.Nbd2 O-O 7.Bd3 cxd4 8.cxd4 Nc6 9.
Nf1 Nb4 10.Bb1 d5 11.Ng3 dxe4 12.Nxe4 Nxe4 13.Bxe4 Be6 14.a3 Bd5 15.Bxd5 Nxd5
16.O-O Qb6 17.Qe2 Qb3 18.Be3 Rac8 19.Rfc1 e6 20.Rab1 a6 21.g3 Ne7 22.Ne5 Rxc1+
23.Rxc1 Rc8 24.Rxc8+ Nxc8 25.Qc4 Qxc4 26.Nxc4 Kf8 27.Kf1 Ke7 28.Ke2 b5 29.Nd2
f5 30.Kd3 Nb6 31.Bf4 Kd7 32.Be5 Bh6 33.Nb3 Na4 34.Nc5+ Nxc5+ 35.dxc5 Kc6 36.
Bd6 Kd5 37.f4 Bg7 38.Be5 Bxe5 39.fxe5 Kxc5 40.Ke3 Kc4 41.b4 g5 42.h4 h6 43.
hxg5 hxg5 0-1

[Event "Cto de Aragon  Equipos Cat Preferente"]
[Site "Aragon"]
[Date "2010.02.27"]
[Round "6.36"]
[White "Matamoros Villarreal Antonio"]
[Black "Barcena Laguia Francisco"]
[Result "1-0"]
[WhiteElo "1971"]
[BlackElo "1966"]

1.e4 c5 2.Nc3 Nc6 3.f4 d6 4.Nf3 g6 5.Bc4 e6 6.d3 Bg7 7.Be3 Bd7 8.Qd2 a6 9.Bb3
Nd4 10.O-O Nxb3 11.axb3 Ne7 12.d4 cxd4 13.Bxd4 f6 14.Rad1 Bc6 15.Bf2 d5 16.
exd5 exd5 17.Bc5 O-O 18.Bxe7 Qxe7 19.Nxd5 Qc5+ 20.Qf2 Qxf2+ 21.Kxf2 Kf7 22.Nb4
Be8 23.Rfe1 Rc8 24.c3 Kg8 25.Re7 Rf7 26.Re6 Bf8 27.Nc2 Kg7 28.Ncd4 Rd7 29.Rxe8
Rxd4 30.Rxf8 1-0

[Event "Cto de Aragon  Equipos Cat Preferente"]
[Site "Aragon"]
[Date "2010.02.27"]
[Round "6.37"]
[White "Sig Vargas Marcos"]
[Black "Gracia Campo Carlos Alberto"]
[Result "0-1"]
[WhiteElo "2108"]
[BlackElo "2095"]

1.e4 d6 2.Nc3 Nf6 3.f4 g6 4.Nf3 Bg7 5.d4 O-O 6.Bd3 c5 7.d5 Qc7 8.Nb5 Qa5+ 9.
Bd2 Qb6 10.a4 c4 11.Bxc4 Nxe4 12.Qe2 Nxd2 13.Nxd2 a6 14.a5 axb5 15.axb6 Rxa1+
16.Kf2 Rxh1 17.Bxb5 e6 18.c3 Bf6 19.Nc4 Rd8 20.Ne3 h5 21.Nf1 exd5 22.Qf3 Bd7
23.Bxd7 Nxd7 24.Qxd5 Nxb6 25.Qxb7 Nc4 26.g3 d5 27.Kg2 Rxf1 28.Kxf1 Kg7 29.Qb5
Rd6 30.Kf2 Rb6 31.Qxd5 Rxb2+ 32.Kg1 Rb1+ 33.Kf2 Rb2+ 34.Kg1 Ne3 35.Qd3 Nf5 36.
c4 Bd4+ 37.Kh1 Ra2 38.Qe4 Ra1+ 39.Kg2 Rc1 40.h3 Rc2+ 0-1

[Event "Cto de Aragon  Equipos Cat Preferente"]
[Site "Aragon"]
[Date "2010.02.27"]
[Round "6.38"]
[White "Bailo Remacha Santiago"]
[Black "Escuer Sanchez Nestor"]
[Result "1-0"]
[WhiteElo "1991"]
[BlackElo "2094"]

1.g3 e5 2.Bg2 Bc5 3.c4 d6 4.Nc3 Nc6 5.Nf3 f5 6.d3 Nf6 7.a3 a5 8.O-O O-O 9.e3
Bb6 10.Rb1 Qe8 11.b4 axb4 12.axb4 f4 13.b5 Ne7 14.exf4 Qh5 15.d4 exf4 16.Bxf4
Bg4 17.h3 Bxh3 18.Bxh3 Qxh3 19.Ng5 Qh5 20.Kg2 Qxd1 21.Nxd1 Ng6 22.Be3 Ng4 23.
Ne6 Rf6 24.d5 Nxe3+ 25.Nxe3 Ra2 26.Ra1 Re2 27.Ra8+ Kf7 28.Ng5+ Ke7 29.Nxh7 Rf7
30.Ng5 Bxe3 31.Nxf7 Bb6 32.Ng5 Ne5 33.Nf3 Nxc4 34.Re1 Ne3+ 35.Kg1 Rxe1+ 36.
Nxe1 Nxd5 37.Rg8 Kf7 38.Rb8 Nc3 39.Rxb7 Nxb5 40.Nd3 Nc3 41.Kg2 Ke6 42.Rb8 Bd4
43.Nf4+ Ke7 44.Kf3 Bf6 45.Rb3 Kd7 46.Ne2 Na4 47.Ke3 c5 48.f4 d5 49.g4 c4 50.
Rb4 Nc5 51.g5 Be7 52.Rb5 Kd6 53.Nd4 g6 54.Rb6+ Kd7 55.Rxg6 Ne4 56.Rg7 Ke8 57.
Ne6 c3 58.Kd3 Bd6 59.f5 Ng3 1-0

[Event "Cto de Aragon  Equipos Cat Preferente"]
[Site "Aragon"]
[Date "2010.02.27"]
[Round "6.39"]
[White "Andreu Sin Raul"]
[Black "Galve Guinea Alejandro"]
[Result "1-0"]
[WhiteElo "2053"]
[BlackElo "1977"]

1.d4 Nf6 2.c4 e6 3.Nc3 Bb4 4.a3 Bxc3+ 5.bxc3 c5 6.e3 d6 7.Nf3 Nc6 8.Be2 e5 9.
O-O O-O 10.a4 e4 11.Nd2 Bf5 12.Ba3 b6 13.Nb3 a5 14.Rb1 Re8 15.Qc2 Qe7 16.Rb2
Rac8 17.Nd2 Nd7 18.Re1 Qg5 19.Nf1 h5 20.Ng3 Bg6 21.Qd1 h4 22.Nh5 Bxh5 23.Bxh5
g6 24.Be2 Rcd8 25.Qd2 Ne7 26.f4 Qf6 27.Bg4 Nf5 28.Qf2 Kg7 29.Rd1 Rh8 30.Rbd2
Qe6 31.dxc5 Nxc5 32.Bxc5 bxc5 33.Rd5 Rb8 34.Qe2 Rb6 35.R1d2 Rhb8 36.Bxf5 gxf5
37.Qh5 Rb1+ 38.Kf2 Rc1 39.Qxh4 Rxc3 40.Rxd6 Qxd6 41.Rxd6 Rb2+ 42.Ke1 Rb1+ 43.
Kd2 1-0

[Event "Cto de Aragon  Equipos Cat Preferente"]
[Site "Aragon"]
[Date "2010.02.27"]
[Round "6.40"]
[White "Requena Munguira Jorge"]
[Black "Sig Vargas Pablo"]
[Result "1-0"]
[WhiteElo "1900"]
[BlackElo "1891"]

1.d4 d5 2.c4 dxc4 3.Nc3 a6 4.a4 Nf6 5.e4 e6 6.f3 Bb4 7.Bxc4 O-O 8.Bg5 h6 9.Bh4
Nbd7 10.e5 g5 11.Bg3 Nd5 12.Bxd5 exd5 13.h4 Kg7 14.hxg5 hxg5 15.Qd3 Rh8 16.Nh3
Nb6 17.Kf2 Bxh3 18.Rxh3 Rxh3 19.gxh3 Qd7 20.h4 Be7 21.Rg1 Nxa4 22.Nxa4 Qxa4
23.hxg5 Qc4 24.Qd2 Bb4 25.Qf4 Qc2+ 26.Kf1 Qd1+ 27.Kg2 Qd2+ 28.Kh3 Qxf4 29.Bxf4
c5 30.dxc5 Bxc5 31.Rc1 Bb6 32.Kg4 d4 33.Kf5 Rd8 34.Bd2 Rd5 35.Ke4 Rd8 36.f4
Rh8 37.Bb4 Rh2 38.Kf5 Rxb2 39.Be7 Bc5 40.Rxc5 d3 41.Bf6+ Kh7 42.Rc8 1-0

[Event "Cto de Aragon  Equipos Cat Preferente"]
[Site "Aragon"]
[Date "2010.02.27"]
[Round "6.41"]
[White "Ansola Marquinez Alberto"]
[Black "Malo Guillen Jose Luis"]
[Result "0-1"]
[WhiteElo "2147"]
[BlackElo "2162"]

1.e4 e5 2.f4 d5 3.exd5 c6 4.Nc3 exf4 5.Nf3 Bd6 6.d4 Ne7 7.dxc6 Nbxc6 8.Bc4 O-O
9.O-O Bg4 10.Ne2 Ng6 11.c3 Nh4 12.Nxh4 Qxh4 13.Qd3 f3 14.g3 Qh3 15.Rxf3 Bxf3
16.Qxf3 Rae8 17.Bd2 Qd7 18.Rf1 Bc7 19.Bg5 Bd8 20.Bf4 Bb6 21.Kg2 Bc7 22.Bg5 Nd8
23.Bd3 Ne6 24.Bc1 Bd8 25.Qf5 g6 26.Qf3 Ng5 27.Bxg5 Bxg5 28.h4 Re3 29.Qf2 Rxd3
30.hxg5 Rd2 31.Qf3 Rxb2 32.Rf2 Rxa2 33.Nf4 Rxf2+ 34.Kxf2 Rd8 35.g4 b5 36.Nd3
Qd5 37.Qf6 Qd6 38.Qf3 Qh2+ 39.Ke3 Qc2 40.Qc6 a6 41.Nb4 Qc1+ 0-1

[Event "Cto de Aragon  Equipos Cat Preferente"]
[Site "Aragon"]
[Date "2010.02.27"]
[Round "6.42"]
[White "Alonso Blasco Jose Miguel"]
[Black "Garcia Asenjo Antonio"]
[Result "1-0"]
[WhiteElo "2114"]
[BlackElo "2023"]

1.e4 c5 2.Nf3 d6 3.Bb5+ Nc6 4.O-O Bd7 5.Re1 e5 6.c3 Qb6 7.Bxc6 bxc6 8.d4 cxd4
9.cxd4 f6 10.Nc3 Rd8 11.h3 Ne7 12.dxe5 dxe5 13.Qc2 Nc8 14.Be3 Qb7 15.Na4 Bb4
16.Nc5 Bxc5 17.Bxc5 Be6 18.b3 Kf7 19.Rac1 Ne7 20.Re3 Ng6 21.Rc3 Nf4 22.Be3 Bd7
23.Bxf4 exf4 24.Nd4 Rhe8 25.Nxc6 Rc8 26.f3 Qb6+ 27.Qf2 Qa6 28.Qxa7 Qxa7+ 29.
Nxa7 Rxc3 30.Rxc3 Ra8 31.Rc7 Ke6 32.Rb7 g5 33.a4 Kd6 34.Kf2 h5 35.Ke2 g4 36.
Nb5+ Ke6 37.Nc7+ 1-0

[Event "Cto de Aragon  Equipos Cat Preferente"]
[Site "Aragon"]
[Date "2010.02.27"]
[Round "6.43"]
[White "Argueso Pascual Jorge"]
[Black "Javierre Conesa Alfonso"]
[Result "1/2-1/2"]
[WhiteElo "1997"]
[BlackElo "1970"]

1.d4 d5 2.c4 e6 3.Nc3 Nf6 4.Bg5 Nbd7 5.Nf3 c6 6.e3 Qa5 7.Nd2 dxc4 8.Bxf6 Nxf6
9.Nxc4 Qd8 10.g3 c5 11.Bg2 cxd4 12.exd4 Be7 13.O-O O-O 14.a3 Rb8 15.Ne5 a6 16.
Qb3 Qd6 17.Rfe1 b5 18.Nc6 Rb6 19.d5 Re8 20.Rad1 exd5 21.Nxe7+ Rxe7 22.Rxe7
Qxe7 23.Nxd5 Nxd5 24.Bxd5 Be6 25.Bxe6 Rxe6 26.Qc3 g6 27.h4 h5 28.Qc8+ Kg7 29.
Qc3+ Kh7 30.Qd2 Re2 31.Qd4 1/2-1/2

[Event "Cto de Aragon  Equipos Cat Preferente"]
[Site "Aragon"]
[Date "2010.02.27"]
[Round "6.44"]
[White "Catarecha Abad Hector"]
[Black "Ruiz Gutierrez Jose Manuel"]
[Result "1-0"]
[WhiteElo "1639"]
[BlackElo "1899"]

1.e4 c5 2.Nf3 e6 3.d4 cxd4 4.Nxd4 a6 5.Be2 Nf6 6.Nc3 Nc6 7.Be3 Bb4 8.f3 O-O 9.
O-O d5 10.Nxc6 bxc6 11.e5 Nd7 12.f4 c5 13.Bf2 f6 14.Bg4 f5 15.Bf3 Rb8 16.Ne2
Ba5 17.b3 g5 18.Bxd5 exd5 19.Qxd5+ Kh8 20.Rad1 Qe7 21.Bg3 g4 22.Qd6 Qxd6 23.
Rxd6 c4 24.Rfd1 cxb3 25.cxb3 Bb6+ 26.Kf1 Rb7 27.Nc3 Bc5 28.Rc6 Rb6 29.Rc7 a5
30.Rdxd7 Bxd7 31.Rxd7 Bb4 32.Ne2 Rc8 33.Nd4 Bc3 34.Nxf5 Bb4 35.Nd4 Rc1+ 36.Ke2
Rg1 37.e6 Rxg2+ 38.Ke3 Kg8 39.f5 Bc5 40.Rd8+ Kg7 41.Rd7+ Kf6 42.Rf7+ Kg5 43.
Bf4+ 1-0

[Event "Cto de Aragon  Equipos Cat Preferente"]
[Site "Aragon"]
[Date "2010.02.27"]
[Round "6.45"]
[White "Sierra Aguerri Joaquin"]
[Black "Juberias Segura Santiago"]
[Result "0-1"]
[WhiteElo "2014"]
[BlackElo "2137"]

1.e4 g6 2.d4 Bg7 3.c4 d6 4.Nc3 Nf6 5.Bd3 e5 6.d5 O-O 7.Nge2 Na6 8.Ng3 Nc5 9.b4
Nxd3+ 10.Qxd3 Ne8 11.Bd2 Qh4 12.O-O-O f5 13.f3 Bh6 14.Nf1 Nf6 15.Kb1 fxe4 16.
fxe4 Ng4 17.Be1 Qe7 18.h3 Nf2 19.Bxf2 Rxf2 20.g4 Bd7 21.Ng3 Raf8 22.Nce2 R8f3
23.Qc2 Rxg3 24.b5 Rgg2 25.Rde1 Qg5 26.Qd3 Qd2 27.Qa3 Rxe2 28.Rxe2 Rxe2 29.Rf1
Qc2+ 30.Ka1 Be3 0-1

[Event "Cto de Aragon  Equipos Cat Preferente"]
[Site "Aragon"]
[Date "2010.02.27"]
[Round "6.46"]
[White "Gonzalvo Lara Victor"]
[Black "Vera Jimenez Andres"]
[Result "1/2-1/2"]
[WhiteElo "2099"]
[BlackElo "2005"]

1.e4 c5 2.Nf3 e6 3.d3 d5 4.Nbd2 Nc6 5.g3 Nf6 6.Bg2 Be7 7.O-O O-O 8.e5 Nd7 9.
Re1 Qc7 10.Qe2 Nb4 11.Nf1 b6 12.a3 Nc6 13.Bf4 Ba6 14.Ne3 Rac8 15.Nxd5 exd5 16.
e6 Qd8 17.exd7 Qxd7 18.Ne5 Nxe5 19.Bxe5 Rfe8 20.Qh5 Rcd8 21.f4 Bc8 22.c4 dxc4
23.dxc4 Qg4 24.Qxg4 Bxg4 25.Bc6 Bd7 26.Bd5 Bf6 27.Bxf6 gxf6 28.Rad1 Bg4 29.Rc1
Kf8 30.Kf2 Rxe1 31.Rxe1 Bf5 32.Kf3 Re8 33.Rxe8+ Kxe8 34.Be4 Be6 35.Bxh7 Bxc4
36.Bf5 Bd5+ 37.Be4 Be6 38.g4 Kf8 39.h4 b5 40.f5 Bb3 41.Bc6 b4 42.Ke4 Bd1 43.
Kd5 bxa3 44.bxa3 Bxg4 45.Kxc5 Bxf5 46.Bf3 Bd3 47.a4 f5 48.a5 Be4 49.Be2 f4 50.
Kd4 Bb7 51.Ke5 f3 52.Bf1 Kg7 53.a6 Ba8 54.Kf4 Kh6 55.Kg4 1/2-1/2

[Event "Cto de Aragon  Equipos Cat Preferente"]
[Site "Aragon"]
[Date "2010.02.27"]
[Round "6.47"]
[White "Fernandez Rubio Rafael"]
[Black "Solanas Godes Beatriz"]
[Result "1-0"]
[WhiteElo "1958"]
[BlackElo "1799"]

1.e4 e5 2.f4 d6 3.Nf3 Bg4 4.Bc4 Be7 5.fxe5 Bh5 6.e6 fxe6 7.Bxe6 Nf6 8.Nc3 Nc6
9.d4 Rf8 10.O-O h6 11.Qd3 a6 12.Nd5 Nxd5 13.exd5 Nb4 14.Qb3 c5 15.a3 Qa5 16.
Bd2 Qb6 17.axb4 cxb4 18.Qa4+ 1-0

[Event "Cto de Aragon  Equipos Cat Preferente"]
[Site "Aragon"]
[Date "2010.02.27"]
[Round "6.48"]
[White "Calvo Simon Jorge"]
[Black "Sancho Casale Jesus"]
[Result "0-1"]
[WhiteElo "1700"]
[BlackElo "1950"]

1.e4 d5 2.exd5 Qxd5 3.Nc3 Qa5 4.Bc4 Nf6 5.d3 c6 6.Be3 Bg4 7.Qd2 e6 8.f3 Bf5 9.
Nge2 Nbd7 10.Bb3 h6 11.O-O-O Nc5 12.Kb1 Nxb3 13.axb3 Bb4 14.Rdg1 Nd5 15.Bd4
O-O 16.g4 Bg6 17.h4 e5 18.Bxe5 Rfe8 19.Bd4 c5 20.Bxg7 Kxg7 21.h5 Rxe2 22.Qxe2
Nxc3+ 23.bxc3 Bxc3 24.hxg6 0-1